00493nam a22001457a 4500020002000000040000900020082001500029100002600044245004400070260004600114650005200160942001200212999001900224952010400243 a139780470148501 cNUST a745.2bNIK aNiku, Saeed B.913068 aCreative Design of Products and Systems aUnited States:bJohn Wiley & Sons,c2009. aCreative Design of Products and Systems9124250 2ddccBK c610160d610160 00102ddc4070aCEMEbCEMEcGENd2024-07-09l0o745.2 NIKpCEME- 46203r2024-07-09w2024-07-09yBK